[Event "Punta del Este Alekhiine op 1st"]
[Site "Punta del Este"]
[Date "2024.03.09"]
[Round "2"]
[White "Guerra Guerra, Miguel"]
[Black "Tramutolo, Gustavo"]
[Result "1-0"]
[WhiteElo "1745"]
[BlackElo "1622"]
[PlyCount "55"]
[EventDate "2024.03.08"]
[EventType "swiss"]
[EventRounds "5"]
[EventCountry "URU"]
[SourceTitle "CB13_2024"]
[SourceDate "2024.03.27"]
[SourceVersion "1"]
[SourceVersionDate "2024.03.27"]
[SourceQuality "1"]

1. d4 d5 2. c4 e6 3. Nc3 a6 4. Nf3 Nf6 5. Bg5 c6 6. e3 Nbd7 7. a3 b5 8. cxd5 exd5 9. Rc1 h6 10. Bh4 Qa5 11. Nd2 Ne4 12. Bd3 Nxc3 13. Rxc3 Bb7 14. 0-0 g5 15. Bg3 Qd8 16. e4 b4 17. axb4 Qb6 18. Nf3 Nf6 19. exd5 cxd5 20. Re1+ Ne4 21. Bxe4 dxe4 22. Rc7 Bd6 23. Bxd6 Qxd6 24. Rxb7 0-0-0 25. Rxf7 exf3 26. Qxf3 Qd5 27. Qc3+ Kb8 28. Qc7+ 1-0

[Event "Punta del Este Alekhiine op 1st"]
[Site "Punta del Este"]
[Date "2024.03.08"]
[Round "1"]
[White "Tramutolo, Gustavo"]
[Black "Popov, Mark"]
[Result "0-1"]
[WhiteElo "1622"]
[BlackElo "1885"]
[PlyCount "56"]
[EventDate "2024.03.08"]
[EventType "swiss"]
[EventRounds "5"]
[EventCountry "URU"]
[SourceTitle "CB13_2024"]
[SourceDate "2024.03.27"]
[SourceVersion "1"]
[SourceVersionDate "2024.03.27"]
[SourceQuality "1"]

1. d4 Nf6 2. Nf3 g6 3. Nc3 Bg7 4. e4 d6 5. h3 0-0 6. Be3 Nbd7 7. e5 Ne8 8. Bc4 Nb6 9. Bb3 e6 10. a4 c6 11. Bg5 Qd7 12. Ne4 h6 13. Bf4 Nd5 14. Bh2 f5 15. Nxd6 Nxd6 16. exd6 f4 17. c4 Qxd6 18. 0-0 Ne7 19. Re1 Qc7 20. Rc1 Nf5 21. c5 g5 22. Ne5 Rd8 23. Qg4 Nxd4 24. Ng6 Nxb3 25. Rc4 e5 26. Qh5 Qf7 27. Rce4 Bf5 28. g4 Bxg6 0-1

[Event "Montevideo Duchamp Cup 6th"]
[Site "Montevideo"]
[Date "2023.02.11"]
[Round "9"]
[White "Osores, Roberto"]
[Black "Tramutolo, Gustavo"]
[Result "0-1"]
[WhiteElo "1704"]
[BlackElo "1389"]
[PlyCount "82"]
[EventDate "2023.02.03"]
[EventType "swiss"]
[EventRounds "9"]
[EventCountry "URU"]
[SourceTitle "CBM 212 Extra"]
[Source "ChessBase"]
[SourceDate "2023.03.31"]
[SourceVersion "1"]
[SourceVersionDate "2023.03.31"]
[SourceQuality "1"]

1. d4 d5 2. Nf3 Nf6 3. Bf4 e6 4. e3 c5 5. Bd3 c4 6. Be2 Qb6 7. Qc1 Ne4 8. c3 Be7 9. Nbd2 Nd6 10. 0-0 0-0 11. Re1 Nd7 12. Bf1 f5 13. b4 Nf6 14. Ne5 Nfe4 15. f3 Nxd2 16. Qxd2 g5 17. Bg3 g4 18. Bf4 Qd8 19. Bh6 Re8 20. fxg4 Bg5 21. Bxg5 Qxg5 22. h3 Ne4 23. Qc2 Qh4 24. Rac1 fxg4 25. Nxg4 Rf8 26. Bxc4 h5 27. Rf1 Rxf1+ 28. Rxf1 hxg4 29. Qa4 Nd6 30. Rf4 Qe1+ 31. Rf1 Qxe3+ 32. Kh2 g3+ 33. Kh1 dxc4 34. Qd1 Qg5 35. Qe1 Nf5 36. Qe5 Bd7 37. Qe4 Nd6 38. Qf3 Bc6 39. Qf4 Qxf4 40. Rxf4 Nf5 41. Kg1 Rf8 0-1

[Event "Colonia del Sacramento op 3rd"]
[Site "Colonia del Sacramento"]
[Date "2022.05.20"]
[Round "?"]
[White "Lopez, Aldi"]
[Black "Tramutolo, Gustavo"]
[Result "1-0"]
[WhiteElo "2031"]
[BlackElo "1379"]
[PlyCount "51"]
[EventDate "2022.05.20"]
[EventType "swiss"]
[EventRounds "5"]
[EventCountry "URU"]
[SourceTitle "CBM 208 Extra"]
[Source "ChessBase"]
[SourceDate "2022.07.31"]
[SourceVersion "1"]
[SourceVersionDate "2022.07.31"]
[SourceQuality "1"]

1. e4 g6 2. Nf3 Bg7 3. Be2 d6 4. 0-0 Nf6 5. Nc3 0-0 6. d4 Nbd7 7. Bg5 c6 8. Qd2 b5 9. a3 Qb6 10. e5 dxe5 11. Nxe5 Nxe5 12. dxe5 Ng4 13. Bxg4 Bxg4 14. Bxe7 Rfe8 15. Bf6 Qc7 16. Rfe1 Re6 17. h3 Bxf6 18. exf6 Rxe1+ 19. Rxe1 Qd8 20. Qxd8+ Rxd8 21. hxg4 h6 22. Kf1 Kf8 23. Rd1 Rc8 24. Ne4 a5 25. Rd7 Kg8 26. Nd6 1-0

[Event "Montevideo Duchamp Cup 5th"]
[Site "Montevideo"]
[Date "2022.02.18"]
[Round "8"]
[White "Tramutolo, Gustavo"]
[Black "De Cuadro, Dionisio"]
[Result "0-1"]
[WhiteElo "1386"]
[BlackElo "1621"]
[PlyCount "88"]
[EventDate "2022.02.12"]
[EventType "swiss"]
[EventRounds "9"]
[EventCountry "URU"]
[SourceTitle "CBM 206 Extra"]
[Source "ChessBase"]
[SourceDate "2022.03.31"]
[SourceVersion "1"]
[SourceVersionDate "2022.03.31"]
[SourceQuality "1"]

1. d4 Nf6 2. Nf3 d6 3. e3 Bg4 4. h3 Bf5 5. c3 Nbd7 6. Bc4 e6 7. 0-0 Be7 8. Nh4 Bxb1 9. Rxb1 Ne4 10. Nf3 0-0 11. g3 d5 12. Bd3 Ndf6 13. c4 c6 14. b4 Nc3 15. Qc2 Nxb1 16. Ng5 Ne4 17. Nxe4 dxe4 18. Bxe4 f5 19. Bd3 Bxb4 20. Qxb1 Bd6 21. e4 Bc7 22. exf5 Qxd4 23. Be3 Qf6 24. Qxb7 Rad8 25. Qxc7 Rxd3 26. Qxa7 Qxf5 27. g4 Qf3 28. Bd4 Qf7 29. Qxf7+ Rxf7 30. Be3 Rfd7 31. Kg2 e5 32. Rb1 Ra3 33. Rb8+ Kf7 34. Bc5 Rxa2 35. Rf8+ Kg6 36. Rf5 Re2 37. h4 h6 38. Be3 Re7 39. Rf8 Rc2 40. Bc5 Re6 41. Rh8 Rxc4 42. h5+ Kg5 43. Be3+ Kxg4 44. Rg8 Kxh5 0-1

[Event "Montevideo Duchamp Cup 5th"]
[Site "Montevideo"]
[Date "2022.02.13"]
[Round "3"]
[White "Tramutolo, Gustavo"]
[Black "Bertucci, Santiago"]
[Result "0-1"]
[WhiteElo "1386"]
[BlackElo "1843"]
[PlyCount "44"]
[EventDate "2022.02.12"]
[EventType "swiss"]
[EventRounds "9"]
[EventCountry "URU"]
[SourceTitle "CBM 206 Extra"]
[Source "ChessBase"]
[SourceDate "2022.03.31"]
[SourceVersion "1"]
[SourceVersionDate "2022.03.31"]
[SourceQuality "1"]

1. d4 Nf6 2. Nf3 d5 3. e3 Bg4 4. h3 Bh5 5. Nbd2 c5 6. c3 a6 7. Qb3 e6 8. Qxb7 c4 9. Ne5 Bd6 10. Qxa8 Qc7 11. Nc6 0-0 12. Nxb8 Rxb8 13. Qxa6 e5 14. Qa4 exd4 15. cxd4 c3 16. bxc3 Qxc3 17. g4 Qxa1 18. Nb3 Rxb3 19. axb3 Qxc1+ 20. Ke2 Qc2+ 21. Ke1 Ne4 22. Be2 Qd2+ 0-1

[Event "Montevideo Duchamp Cup 3rd"]
[Site "Montevideo"]
[Date "2019.02.10"]
[Round "2"]
[White "Tramutolo, Gustavo"]
[Black "Areco, Antonio"]
[Result "0-1"]
[WhiteElo "1405"]
[BlackElo "1750"]
[PlyCount "80"]
[EventDate "2019.02.09"]
[EventType "swiss"]
[EventRounds "9"]
[EventCountry "URU"]
[SourceTitle "CBM 188 Extra"]
[Source "ChessBase"]
[SourceDate "2019.02.26"]
[SourceVersion "1"]
[SourceVersionDate "2019.02.26"]
[SourceQuality "1"]

1. d4 Nf6 2. c4 e5 3. d5 Bc5 4. e3 d6 5. Nc3 Bf5 6. Nf3 h6 7. Be2 0-0 8. 0-0 a6 9. a3 a5 10. Na4 Ba7 11. Bd2 Nbd7 12. Rc1 Bh7 13. Nc3 e4 14. Ne1 Ne5 15. Nb5 Bb6 16. Bc3 Nfd7 17. Nd4 Qh4 18. g3 Qe7 19. Ng2 g5 20. Bh5 Bg6 21. Kh1 Nf6 22. Bxg6 Nxg6 23. Nf5 Qd8 24. Nxh6+ Kh7 25. Ng4 Nxg4 26. Qxg4 Ne5 27. Bxe5 dxe5 28. Qf5+ Kh6 29. c5 Ba7 30. Qxe4 Qe7 31. f4 f6 32. h4 Bxc5 33. hxg5+ fxg5 34. f5 Bd6 35. Rc4 Qf6 36. Qg4 Rh8 37. Kg1 Rh7 38. Kf2 Rah8 39. e4 b6 40. Rc6 Kg7 0-1

[Event "Montevideo Duchamp Cup 2nd"]
[Site "Montevideo"]
[Date "2018.02.08"]
[Round "9"]
[White "De la Torre, Andres"]
[Black "Tramutolo, Gustavo"]
[Result "1-0"]
[WhiteElo "1659"]
[BlackElo "1396"]
[PlyCount "85"]
[EventDate "2018.02.02"]
[EventType "swiss"]
[EventRounds "9"]
[EventCountry "URU"]
[SourceTitle "CBM 182 Extra"]
[Source "ChessBase"]
[SourceDate "2018.02.23"]
[SourceVersion "1"]
[SourceVersionDate "2018.02.23"]
[SourceQuality "1"]

1. Nf3 d5 2. g3 Nf6 3. Bg2 h6 4. d3 Bf5 5. Nbd2 Nc6 6. c3 e6 7. Qb3 Na5 8. Qa4+ c6 9. b4 Bd6 10. bxa5 0-0 11. Rb1 Rb8 12. 0-0 e5 13. Ba3 c5 14. Nh4 Bd7 15. Qd1 Qxa5 16. Qc1 b5 17. Nb3 Qb6 18. d4 exd4 19. cxd4 c4 20. Bxd6 Qxd6 21. Nc5 Bc8 22. Nf3 Re8 23. Re1 Ne4 24. Nxe4 dxe4 25. Nd2 Bf5 26. e3 a5 27. a4 c3 28. Qxc3 b4 29. Qc5 Qxc5 30. dxc5 Be6 31. Bxe4 Ba2 32. Rb2 b3 33. Bg2 f5 34. Bd5+ Kh8 35. Nxb3 Bxb3 36. Rxb3 Rbd8 37. Bg2 Rd2 38. c6 Rc2 39. Reb1 Kh7 40. Rb5 Rd8 41. Rxa5 Rdd2 42. Rxf5 Kg6 43. Be4 1-0

[Event "Montevideo Duchamp Cup 2nd"]
[Site "Montevideo"]
[Date "2018.02.03"]
[Round "3"]
[White "Fein, Jorge"]
[Black "Tramutolo, Gustavo"]
[Result "1/2-1/2"]
[WhiteElo "1644"]
[BlackElo "1396"]
[PlyCount "59"]
[EventDate "2018.02.02"]
[EventType "swiss"]
[EventRounds "9"]
[EventCountry "URU"]
[SourceTitle "CBM 182 Extra"]
[Source "ChessBase"]
[SourceDate "2018.02.23"]
[SourceVersion "1"]
[SourceVersionDate "2018.02.23"]
[SourceQuality "1"]

1. Nf3 d5 2. b3 Nf6 3. Bb2 g6 4. d3 Bg7 5. Nbd2 0-0 6. h3 c6 7. c4 Qb6 8. e3 Nbd7 9. Rc1 Nc5 10. Bd4 Bf5 11. cxd5 Nfd7 12. Nc4 Qb4+ 13. Qd2 Qxd2+ 14. Ncxd2 Nxd3+ 15. Bxd3 Bxd3 16. Bxg7 Kxg7 17. dxc6 bxc6 18. Rc3 Ba6 19. Nc4 Nc5 20. 0-0 Rfd8 21. Nfe5 Ne4 22. Rc2 Rac8 23. Rfc1 f6 24. Nf3 Nc5 25. Nd4 e5 26. Nf3 Nd3 27. Rd1 e4 28. Nd4 Rd5 29. f3 f5 30. f4 1/2-1/2

[Event "URU-chTB"]
[Site "Uruguay"]
[Date "2017.07.08"]
[Round "2.3"]
[White "Griselka, Diego"]
[Black "Tramutolo, Gustavo"]
[Result "1-0"]
[WhiteElo "1741"]
[BlackElo "1396"]
[PlyCount "63"]
[EventDate "2017.07.07"]
[EventType "team-swiss"]
[EventRounds "5"]
[EventCountry "URU"]
[SourceTitle "EXT 2018"]
[Source "ChessBase"]
[SourceDate "2017.10.13"]
[SourceVersion "1"]
[SourceVersionDate "2017.10.13"]
[SourceQuality "1"]
[WhiteTeam "Cerro"]
[BlackTeam "Cerro V"]
[WhiteTeamCountry "URU"]
[BlackTeamCountry "URU"]

1. c4 e5 2. Nc3 Nf6 3. g3 c6 4. Bg2 Be7 5. e3 0-0 6. Nge2 d5 7. cxd5 cxd5 8. d4 exd4 9. exd4 Bf5 10. Qb3 Qb6 11. Qxb6 axb6 12. Nxd5 Nxd5 13. Bxd5 Nc6 14. Bg2 Rfe8 15. Be3 Bd3 16. a3 Bf6 17. d5 Na5 18. Nf4 Bxb2 19. Nxd3 Bxa1 20. 0-0 Nb3 21. Bxb6 Rxa3 22. Rd1 Nd4 23. d6 Ne6 24. Nf4 Nf8 25. d7 Nxd7 26. Rxd7 g5 27. Nh3 Rb3 28. Be3 b5 29. Bd5 Rb1+ 30. Kg2 Rf8 31. Bc5 g4 32. Ng5 1-0

[Event "Florianopolis op 3rd"]
[Site "Florianopolis"]
[Date "2017.01.24"]
[Round "7"]
[White "Tramutolo, Gustavo"]
[Black "Gomes, Yasmim da Silva"]
[Result "1-0"]
[WhiteElo "1421"]
[BlackElo "1615"]
[PlyCount "97"]
[EventDate "2017.01.20"]
[EventType "swiss"]
[EventRounds "10"]
[EventCountry "BRA"]
[SourceTitle "CBM 176 Extra"]
[Source "ChessBase"]
[SourceDate "2017.03.02"]
[SourceVersion "1"]
[SourceVersionDate "2017.03.02"]
[SourceQuality "1"]

1. Nf3 c5 2. Nc3 Nc6 3. e3 e6 4. a3 Nf6 5. Bc4 Be7 6. 0-0 0-0 7. Re1 d6 8. Ne2 a6 9. c3 b5 10. Bd3 Bb7 11. Ng3 g6 12. h3 b4 13. a4 bxc3 14. bxc3 Qc7 15. Bb2 Ne5 16. Nxe5 dxe5 17. e4 c4 18. Bc2 Qc6 19. a5 Nxe4 20. Nxe4 Bc5 21. Ba3 Bxa3 22. Rxa3 f5 23. Ba4 Qd5 24. Bc2 fxe4 25. Bxe4 Qd7 26. Ra4 Rac8 27. Rb4 Rc7 28. Bxb7 Rxb7 29. Rxc4 Rb5 30. d4 Qd6 31. dxe5 Qxd1 32. Rxd1 Rxe5 33. Rc6 Rxa5 34. Rxe6 Ra3 35. c4 a5 36. c5 Rc8 37. Re7 Rc3 38. Rdd7 R3xc5 39. Rxh7 a4 40. Ra7 Rc4 41. Rhg7+ Kf8 42. Rxg6 Rc1+ 43. Kh2 R1c4 44. Rh6 R4c7 45. Rxa4 Rf7 46. f4 Rc1 47. g3 Rfc7 48. Ra2 R1c3 49. Rb6 1-0

[Event "Florianopolis op 3rd"]
[Site "Florianopolis"]
[Date "2017.01.23"]
[Round "5"]
[White "Tramutolo, Gustavo"]
[Black "Borges, Leonardo Fernandes"]
[Result "0-1"]
[WhiteElo "1421"]
[BlackElo "1849"]
[PlyCount "120"]
[EventDate "2017.01.20"]
[EventType "swiss"]
[EventRounds "10"]
[EventCountry "BRA"]
[SourceTitle "CBM 176 Extra"]
[Source "ChessBase"]
[SourceDate "2017.03.02"]
[SourceVersion "1"]
[SourceVersionDate "2017.03.02"]
[SourceQuality "1"]

1. d4 Nf6 2. c4 e6 3. Nc3 Bb4 4. Qc2 d5 5. e3 c6 6. a3 Bxc3+ 7. Qxc3 0-0 8. Bd3 Nbd7 9. Nf3 Ne4 10. Qc2 f5 11. cxd5 exd5 12. 0-0 Qe8 13. Nd2 Ndf6 14. f3 Nd6 15. Re1 Qg6 16. h3 Qg3 17. Re2 Bd7 18. Nf1 Qh4 19. Bd2 Rfe8 20. Be1 Qg5 21. f4 Qh5 22. Ng3 Qg6 23. Kh2 Nfe4 24. a4 Re7 25. Nf1 Qf6 26. g3 Be8 27. Rg2 h5 28. h4 Nf7 29. Be2 Nh6 30. Bf3 Ng4+ 31. Kg1 Bg6 32. Bb4 Re6 33. Ra3 Rae8 34. Be1 Nd6 35. Qc1 Nc4 36. Rc3 Ngxe3 37. Nxe3 Nxe3 38. Re2 Ng4 39. Rxe6 Rxe6 40. Qd2 Qe7 41. Rc1 Re3 42. Qd1 Qd6 43. Bd2 Rd3 44. Rc3 Rxd4 45. Rb3 Qc5 46. Rc3 Rc4+ 47. Be3 Nxe3 48. Rxc4 Qxc4 49. Qe1 Qd4 50. Qf2 Nc2 51. Qxd4 Nxd4 52. Bd1 Bf7 53. Kf2 g6 54. Ke3 c5 55. b4 b6 56. bxc5 bxc5 57. Kd3 Kf8 58. Kc3 Ke7 59. Bb3 Nxb3 60. Kxb3 d4+ 0-1

[Event "Florianopolis op 3rd"]
[Site "Florianopolis"]
[Date "2017.01.21"]
[Round "2"]
[White "Thomazelli, Benito Schaeffer"]
[Black "Tramutolo, Gustavo"]
[Result "0-1"]
[WhiteElo "1763"]
[BlackElo "1421"]
[PlyCount "58"]
[EventDate "2017.01.20"]
[EventType "swiss"]
[EventRounds "10"]
[EventCountry "BRA"]
[SourceTitle "CBM 176 Extra"]
[Source "ChessBase"]
[SourceDate "2017.03.02"]
[SourceVersion "1"]
[SourceVersionDate "2017.03.02"]
[SourceQuality "1"]

1. e4 e5 2. Nf3 f5 3. Nc3 fxe4 4. Nxe4 d5 5. Nc3 d4 6. Ne4 Qd5 7. Bd3 Be7 8. 0-0 h6 9. b3 Nc6 10. Bb2 Nf6 11. Nxf6+ Bxf6 12. Re1 Be6 13. c4 Qd7 14. Qe2 0-0-0 15. Rad1 Nb4 16. Be4 d3 17. Qf1 Nc2 18. Re3 Nxe3 19. fxe3 Rhf8 20. Bxe5 Bxe5 21. Bxd3 Qxd3 22. Qxd3 Rxf3 23. gxf3 Rxd3 24. f4 Bc3 25. e4 Bg4 26. Rc1 Bxd2 27. Rc2 Be3+ 28. Kf1 Bf3 29. Ke1 Rd1# 0-1

[Event "Florianopolis op 3rd"]
[Site "Florianopolis"]
[Date "2017.01.20"]
[Round "1"]
[White "Tramutolo, Gustavo"]
[Black "Schena, Arthur"]
[Result "0-1"]
[WhiteElo "1421"]
[BlackElo "1698"]
[PlyCount "61"]
[EventDate "2017.01.20"]
[EventType "swiss"]
[EventRounds "10"]
[EventCountry "BRA"]
[SourceTitle "CBM 176 Extra"]
[Source "ChessBase"]
[SourceDate "2017.03.02"]
[SourceVersion "1"]
[SourceVersionDate "2017.03.02"]
[SourceQuality "1"]

1. Nf3 Nf6 2. d4 g6 3. e3 Bg7 4. Be2 0-0 5. 0-0 d6 6. c3 c5 7. a4 Bd7 8. Qb3 Qb6 9. Nbd2 Be6 10. Qa3 Nbd7 11. a5 Qc7 12. Ng5 d5 13. c4 h6 14. Nxe6 fxe6 15. Nf3 Ng4 16. g3 Ngf6 17. Qd3 g5 18. Kh1 Ne4 19. Bd1 g4 20. Ne5 Bxe5 21. dxe5 Qxe5 22. Qe2 h5 23. f4 gxf3 24. Rxf3 dxc4 25. Rf4 Qd5 26. Qf3 Rxf4 27. exf4 Qxd1+ 28. Kg2 Qxf3+ 29. Kxf3 Nd6 30. Rb1 Nf5 31. Be3 0-1

[Event "Pan American-ch Amateur"]
[Site "Montevideo"]
[Date "2013.10.28"]
[Round "8"]
[White "Bouza, Walter"]
[Black "Tramutolo, Gustavo"]
[Result "0-1"]
[WhiteElo "1511"]
[BlackElo "1579"]
[PlyCount "95"]
[EventDate "2013.10.24"]
[EventType "swiss"]
[EventRounds "9"]
[EventCountry "URU"]
[SourceTitle "EXT 2014"]
[Source "ChessBase"]
[SourceDate "2013.11.20"]
[SourceVersion "1"]
[SourceVersionDate "2013.11.20"]
[SourceQuality "1"]

1. e4 d5 2. exd5 Nf6 3. d4 Bg4 4. Be2 Bxe2 5. Nxe2 Nxd5 6. c4 Nf6 7. Nbc3 e6 8. 0-0 c6 9. Bf4 Nbd7 10. Qb3 Nh5 11. Qxb7 Nxf4 12. Nxf4 Bd6 13. Nce2 0-0 14. Qxc6 Nf6 15. Qf3 Qd7 16. Nh5 Be7 17. Nxf6+ Bxf6 18. Rfd1 Rab8 19. b3 Rfd8 20. Rd3 a5 21. Rad1 a4 22. d5 e5 23. Qe4 axb3 24. axb3 Rb4 25. Kf1 Qb7 26. Rb1 g6 27. f4 Qa8 28. fxe5 Re8 29. Qd4 Rxe5 30. Qc5 Qa2 31. Re1 Rxb3 32. Rxb3 Qxb3 33. Qd6 Qxc4 34. Qb8+ Kg7 35. d6 Rf5+ 36. Kg1 Qc5+ 37. Kh1 Rd5 38. Nf4 Rxd6 39. h3 Be5 40. Nd3 Qc3 41. Rxe5 Qxd3 42. Qb2 Qf1+ 43. Kh2 Qf4+ 44. Kg1 Kh6 45. Re1 Rd2 46. Qb6 Qg3 47. Qe3+ Qg5 48. h4 0-1

[Event "Pan American-ch Amateur"]
[Site "Montevideo"]
[Date "2013.10.27"]
[Round "7"]
[White "Tramutolo, Gustavo"]
[Black "Quevedo, Andreina"]
[Result "1/2-1/2"]
[WhiteElo "1579"]
[BlackElo "1528"]
[PlyCount "145"]
[EventDate "2013.10.24"]
[EventType "swiss"]
[EventRounds "9"]
[EventCountry "URU"]
[SourceTitle "EXT 2014"]
[Source "ChessBase"]
[SourceDate "2013.11.20"]
[SourceVersion "1"]
[SourceVersionDate "2013.11.20"]
[SourceQuality "1"]

1. d4 d5 2. Nf3 Nf6 3. e3 e6 4. Bd3 c5 5. c3 Nc6 6. 0-0 Bd6 7. Re1 0-0 8. Nbd2 c4 9. Bb1 e5 10. dxe5 Nxe5 11. Nxe5 Bxe5 12. Nf3 Bg4 13. h3 Bxf3 14. Qxf3 Qa5 15. Bd2 Qb5 16. b3 cxb3 17. axb3 Qxb3 18. Qf5 Bxc3 19. Ba2 Qb2 20. Bxc3 Qxc3 21. Bxd5 Nxd5 22. Qxd5 Qc6 23. e4 Qxd5 24. exd5 Rfd8 25. Rad1 Rd6 26. Re7 b6 27. Rde1 Kf8 28. Rb7 Re8 29. Rxe8+ Kxe8 30. Rxa7 Rxd5 31. Rb7 Rd6 32. Kf1 Re6 33. Rb8+ Ke7 34. f4 Rf6 35. g3 g5 36. Kg2 gxf4 37. gxf4 Kd7 38. Kf3 Kc6 39. Ke4 Rh6 40. Rc8+ Kb5 41. Kf5 Rxh3 42. Rf8 Rh1 43. Rxf7 h5 44. Kg5 h4 45. Kg4 Kc6 46. Rf6+ Kc7 47. Rh6 b5 48. f5 b4 49. Rh7+ Kc8 50. f6 Rg1+ 51. Kh3 Rg8 52. Rg7 Rf8 53. f7 Kd7 54. Rh7 b3 55. Rxh4 Rxf7 56. Rd4+ Kc6 57. Rb4 Rf3+ 58. Kg2 Rc3 59. Kf1 Kc5 60. Rb8 Kd4 61. Ke1 Rh3 62. Kd2 Rh2+ 63. Kc1 Kc4 64. Kb1 Kc3 65. Rc8+ Kd4 66. Rb8 Kc3 67. Rc8+ Kd4 68. Rd8+ Kc5 69. Rc8+ Kd6 70. Rb8 Rh3 71. Kb2 Rg3 72. Rxb3 Rxb3+ 73. Kxb3 1/2-1/2

[Event "Pan American-ch Amateur"]
[Site "Montevideo"]
[Date "2013.10.25"]
[Round "2"]
[White "Tramutolo, Gustavo"]
[Black "Nacelle, Daniel"]
[Result "1-0"]
[WhiteElo "1579"]
[BlackElo "1728"]
[PlyCount "41"]
[EventDate "2013.10.24"]
[EventType "swiss"]
[EventRounds "9"]
[EventCountry "URU"]
[SourceTitle "EXT 2014"]
[Source "ChessBase"]
[SourceDate "2013.11.20"]
[SourceVersion "1"]
[SourceVersionDate "2013.11.20"]
[SourceQuality "1"]

1. Nf3 Nf6 2. d4 d5 3. e3 e6 4. Bd3 c5 5. c3 Nc6 6. Nbd2 Be7 7. 0-0 0-0 8. Re1 cxd4 9. exd4 b6 10. Ne5 Bb7 11. Ndf3 Nb8 12. Re3 Nbd7 13. Ng5 Ne4 14. Nxh7 Nxe5 15. dxe5 Re8 16. Rh3 g6 17. Be3 Ng5 18. Nxg5 Bxg5 19. f4 Be7 20. Qg4 Qd7 21. Bxg6 1-0

[Event "Pan American-ch Amateur"]
[Site "Montevideo"]
[Date "2013.10.24"]
[Round "1"]
[White "Pugliese, Facundo"]
[Black "Tramutolo, Gustavo"]
[Result "1-0"]
[WhiteElo "1943"]
[BlackElo "1579"]
[PlyCount "63"]
[EventDate "2013.10.24"]
[EventType "swiss"]
[EventRounds "9"]
[EventCountry "URU"]
[SourceTitle "EXT 2014"]
[Source "ChessBase"]
[SourceDate "2013.11.20"]
[SourceVersion "1"]
[SourceVersionDate "2013.11.20"]
[SourceQuality "1"]

1. e4 d5 2. exd5 Nf6 3. Bb5+ c6 4. dxc6 bxc6 5. Be2 Bf5 6. d4 e6 7. Nf3 Bb4+ 8. c3 Ba5 9. 0-0 0-0 10. Bg5 h6 11. Bh4 Nbd7 12. Nbd2 Qb8 13. Nc4 Bc7 14. Bg3 Nd5 15. Nfe5 Nxe5 16. dxe5 Rd8 17. Qa4 Be4 18. Rfe1 Nb6 19. Nxb6 Qxb6 20. Qxe4 Rab8 21. Bd3 g6 22. b3 Rd5 23. Bc4 Rd7 24. Bh4 g5 25. Bg3 Rbd8 26. h4 Qc5 27. hxg5 Rd2 28. gxh6 Kh8 29. Qf4 f5 30. Bxe6 Qxc3 31. Qg5 Bxe5 32. Bxe5+ 1-0